Twin City má byť značkou celého regiónu
Spojenie dvojičiek Bratislava - Viedeň budujú najmä podnikatelia, politici prestávajú klásť prekážky. Vzájomné výhody spolupráce dvoch najbližších hlavných miest v Európe. Životaschopnosť budúcej značke Twin City dodajú predovšetkým konkrétne projekty. Kooperácia hlavných miest Slovenska a Rakúska j...
Saved in:
| Main Author: | |
|---|---|
| Other Authors: | |
| Format: | Book Chapter |
| Language: | Slovak |
| Subjects: | |
| Tags: |
No Tags, Be the first to tag this record!
|
MARC
| LEADER | 00000naa$a2200000$$$4500 | ||
|---|---|---|---|
| 001 | 0025040 | ||
| 005 | 20231009081055.5 | ||
| 041 | 0 | |a slo | |
| 044 | |a SK | ||
| 245 | 1 | 0 | |a Twin City má byť značkou celého regiónu |c Kristian Slovák, Miro Sedlák |
| 520 | |a Spojenie dvojičiek Bratislava - Viedeň budujú najmä podnikatelia, politici prestávajú klásť prekážky. Vzájomné výhody spolupráce dvoch najbližších hlavných miest v Európe. Životaschopnosť budúcej značke Twin City dodajú predovšetkým konkrétne projekty. Kooperácia hlavných miest Slovenska a Rakúska je síce iba v začiatkoch, potenciál je však obrovský. Súťaž a spolupráca. Potreba dobudovania infraštruktúry. Twin City má byť značkou celého regiónu. | ||
| 610 | 2 | 0 | |a spolupráca cezhraničná |
| 610 | 2 | 0 | |a kooperácia |
| 610 | 2 | 0 | |a investovanie |
| 610 | 2 | 0 | |a obchod zahraničný |
| 610 | 2 | 0 | |a súťaž hospodárska |
| 610 | 2 | 0 | |a infraštruktúra |
| 610 | 2 | 0 | |a regióny |
| 610 | 2 | 0 | |a Bratislava |
| 610 | 2 | 0 | |a Viedeň |
| 610 | 2 | 0 | |a Twin City |
| 100 | 1 | |a Slovák, Kristian | |
| 700 | 1 | |a Sedlák, Miro | |